000 01286nam a2200229Ia 4500
003 Ost
005 20260507075633.0
008 260507s9999||||xx |||||||||||||| ||und||
040 _cfsecg
041 _aara
082 _a332.1221
100 _aالمالقي، عائشة الشرقاوي
_eمؤلف
245 0 _aالبنوك الإسلامية :
_bالتجربة بين الفقه والقانون والتطبيق /
_c عائشة الشرقاوي المالقي
260 _aالدار البيضاء:
_bالمركز الثقافي العربي,
_c2002
300 _a703 صفحة؛
_bإيضاحات ؛
_c25 سم
504 _aالمراجع ص.691
520 _aالوضعية القانونية لتأسيس وإدارة البنوك الإسلامية ، إدارة البنوك الإسلامية والرقابة عليها ، موارد البنوك الإسلامية ، أدوات توظيف الأموال في البنوك الإسلامية ، التوظيف بالمضاربة أو تمويل العمل ، التوظيف بناء على مبدأ الهامش الربحي ، التوظيف بدون هامش ربحي
653 _aالإئتمان
653 _aالإسلام والبنوك
653 _aالإقتصاد الإسلامي
942 _cكتاب
999 _c45245
_d45245